• 首页
  • 本馆介绍
  • 公告通知
  • 最新文献
  • 馆藏检索
  • 电子资源
  • 读者导购
  • 参考咨询
  • 我的图书馆
  • 登录
  • 详细信息显示
  • 放入我的书架
  • 预约/预借图书
  • 作者相关作品
  • 分类相关作品
  • 丛书相关作品
  • 出版社相关作品

书目信息

  • 表格格式
  • 工作单格式
  • 卡片格式
题名:
英汉高分子科学与工程词汇
    
 
作者: 吴大诚 主编
分册:  
出版信息: 北京   化学工业出版社  2010.01
页数: 1290页
开本: 21cm
丛书名:
单 册:
中图分类: O63-61 , TQ31-61
科图分类:
主题词: 高分子化学--词汇--英语--汉语 , 高聚物--化学工业--词汇--英语--汉语 , 高分子化学 , 高聚物 , 化学工业
电子资源:
ISBN: 978-7-122-04044-2
000 01251nam0 2200313 450
001 0198009506
005 20140609083422.81
010    @a978-7-122-04044-2@b精装@dCNY148.00
100    @a20091208d2010 em y0chiy0110 ea
101 0  @achi@aeng
102    @aCN@b110000
105    @ay z 000yy
106    @ar
200 1  @a英汉高分子科学与工程词汇@9ying han gao fen zi ke xue yu gong cheng ci hui@dEnglish-Chinese dictionary of polymer science and engineering@f吴大诚主编@zeng
205    @a2版
210    @a北京@c化学工业出版社@d2010.01
215    @a1290页@d21cm
330    @a本书在第一版基础上新增词汇14100余条,总词汇量超过96400条。收词范围除了涵盖高分子化学、高分子物理、高分子材料科学、塑料、纤维、橡胶、涂料等领域外,新增生物材料、生物医学工程等新兴交叉学科相关的重要词条,并尽可能多地收录了一些重要的高分子缩写词、加工助剂等。
510 1  @aEnglish-Chinese dictionary of polymer science and engineering@zeng
606 0  @a高分子化学@x词汇@x英语@x汉语
606 0  @a高聚物@x化学工业@x词汇@x英语@x汉语
606 0  @a高分子化学
606 0  @a高聚物
606 0  @a化学工业
690    @aO63-61@v4
690    @aTQ31-61@v4
701  0 @a吴大诚@9wu da cheng@4主编
801  0 @aCN@bRENTIAN@c20091208
905    @b548295-97@dO63-61@e79=2@f3
    
    英汉高分子科学与工程词汇=English-Chinese dictionary of polymer science and engineering/吴大诚主编.-2版.-北京:化学工业出版社,2010.01
    1290页;21cm
    
    
    ISBN 978-7-122-04044-2(精装):CNY148.00
    本书在第一版基础上新增词汇14100余条,总词汇量超过96400条。收词范围除了涵盖高分子化学、高分子物理、高分子材料科学、塑料、纤维、橡胶、涂料等领域外,新增生物材料、生物医学工程等新兴交叉学科相关的重要词条,并尽可能多地收录了一些重要的高分子缩写词、加工助剂等。
●
相关链接 在E读中查询图书 在五车中查询图书 在当当中查询图书 在豆瓣中查询图书


正题名:英汉高分子科学与工程词汇     索取号:O63-61/79=2         预约/预借

序号 登录号 条形码 馆藏地/架位号 状态 备注
1 548295   205482958   第二样本阅览室/ [索取号:O63-61/79=2] 在馆    
2 548296   205482967   第三借阅区/ [索取号:O63-61/79=2] 在馆    
3 548297   205482976   密集书库-化学系/ [索取号:O63-61/79=2] 在馆    
唐山师范学院图书馆 欢迎您!
大连网信软件有限公司© 版权所有